000
00323nam a22001457a 4500
008
221109b ||||| |||| 00| 0 eng d
020
_a
0684193434
041
_a
eng
080
_a
159.9
082
_a
159.9 SEU
100
_a
25
101
_a
PSI
245
_a
HOW TO WRITE CHILDREN'S BOOL
_c
SEULING B
942
_2
udc
_c
BK
999
_c
58817
_d
58817